Southville International School and Colleges
Your cart is empty.
  • Cart
  • Lists
    Public lists Eva Luna New books Lux_list list_1
    Your lists Log in to create your own lists
  • Log in to your account
  • Your cookies
  • Search history
Southville International School and Colleges
  • Advanced search
  • Recent comments
  • Most popular
  • Libraries

Log in to your account

Log in with GOOGLE


If you do not have an external account, but do have a local account, you can still log in:

  1. Home
  2. MARC view: Brown girls /
Normal view MARC view ISBD view

Brown girls / (Record no. 368271)

[ view plain ]
MARC details
000 -LEADER
fixed length control field 00992nam a22002537a 4500
003 - CONTROL NUMBER IDENTIFIER
control field 0
005 - DATE AND TIME OF LATEST TRANSACTION
control field 20251018102159.0
008 - FIXED-LENGTH DATA ELEMENTS--GENERAL INFORMATION
fixed length control field 251018b xxu||||| |||| 00| 0 eng d
020 ## - INTERNATIONAL STANDARD BOOK NUMBER
International Standard Book Number 978-0-593-24344-2
050 ## - LIBRARY OF CONGRESS CALL NUMBER
Classification number PS 3601
Item number .A53 2022
100 ## - MAIN ENTRY--PERSONAL NAME
Personal name Andreades, Daphne Palasi,
Relator term author.
245 ## - TITLE STATEMENT
Title Brown girls /
Statement of responsibility, etc Daphne Palasi Andreades.
250 ## - EDITION STATEMENT
Edition statement Random House Trade Paperback edition.
260 ## - PUBLICATION, DISTRIBUTION, ETC. (IMPRINT)
Place of publication, distribution, etc New York :
Name of publisher, distributor, etc Random House,
Date of publication, distribution, etc 2022.
300 ## - PHYSICAL DESCRIPTION
Extent 235 pages ;
Dimensions 21 cm.
500 ## - GENERAL NOTE
General note Originally published in hardcover by Random House in 2022.
520 ## - SUMMARY, ETC.
Summary, etc A coming-of-age novel that follows a group of young women of color growing up in Queens, New York, as they navigate identity, community, and belonging.
650 ## - SUBJECT ADDED ENTRY--TOPICAL TERM
Topical term or geographic name as entry element Young women
Form subdivision Fiction.
650 ## - SUBJECT ADDED ENTRY--TOPICAL TERM
Topical term or geographic name as entry element Women
Geographic subdivision New York (State)
-- Queens
Form subdivision Fiction.
650 ## - SUBJECT ADDED ENTRY--TOPICAL TERM
Topical term or geographic name as entry element Immigrants
Geographic subdivision New York (State)
-- Queens
Form subdivision Fiction.
650 ## - SUBJECT ADDED ENTRY--TOPICAL TERM
Topical term or geographic name as entry element Identity (Psychology)
Form subdivision Fiction.
650 ## - SUBJECT ADDED ENTRY--TOPICAL TERM
Topical term or geographic name as entry element Queens (New York, N.Y.)
Form subdivision Fiction.
942 ## - ADDED ENTRY ELEMENTS (KOHA)
Source of classification or shelving scheme Library of Congress Classification
Koha item type Books
Holdings
Withdrawn status Lost status Source of classification or shelving scheme Damaged status Home library Current library Shelving location Date acquired Source of acquisition Sub Shelving location Total Checkouts Full call number Barcode Date last seen Price effective from Koha item type
    Library of Congress Classification   Luxembourg Library Luxembourg Library Fiction Section 11/19/2024 Library Fund     PS 3601 .A53 2022 21448 10/18/2025 10/18/2025 Books

Brown girls /

APA

Andreades D. P., . (2022). Brown girls. New York: Random House.

Chicago

Andreades Daphne Palasi, . 2022. Brown girls. New York: Random House.

Harvard

Andreades D. P., . (2022). Brown girls. New York: Random House.

MLA

Andreades Daphne Palasi, . Brown girls. New York: Random House. 2022.

  • Place hold
  • Print
  • Cite
  • Add to your cart (remove)
  • Save record
    BIBTEX Dublin Core MARCXML MARC (non-Unicode/MARC-8) MARC (Unicode/UTF-8) MARC (Unicode/UTF-8, Standard) MODS (XML) RIS
  • More searches
    Search for this title in:
    Other Libraries (WorldCat) Other Databases (Google Scholar) Online Stores (Bookfinder.com) Open Library (openlibrary.org)

Exporting to Dublin Core...

SOUTHVILLE LIBRARY

Southville International School and Colleges Library

1281 Tropical Ave. Cor. Luxembourg St., BF Homes International, Las Pinas City

Tel. No. 8256374 / 252358 Loc. 117/146

Powered by Koha